[Event "Titled Tuesday intern op 02nd Apr Late"]
[Site "Chess.com INT"]
[Date "2024.04.02"]
[Round "4"]
[White "Lach, Aleksandra"]
[Black "Shubenkova, Veronika"]
[Result "0-1"]
[WhiteElo "2292"]
[BlackElo "2113"]
[PlyCount "82"]
[EventDate "2024.04.02"]
[EventType "swiss (blitz)"]
[EventRounds "11"]
[EventCountry "USA"]
[SourceTitle "CB15_2024"]
[SourceDate "2024.04.10"]
[SourceVersion "1"]
[SourceVersionDate "2024.04.10"]
[SourceQuality "1"]

1. d4 d5 2. g3 Nf6 3. Bg2 g6 4. c3 Bg7 5. Nd2 0-0 6. Ngf3 c6 7. 0-0 Nbd7 8. Re1 Ne4 9. Nxe4 dxe4 10. Ng5 f5 11. Ne6 Qa5 12. Nxf8 Nxf8 13. f3 e5 14. fxe4 exd4 15. cxd4 Bxd4+ 16. e3 Bb6 17. Rf1 Qe5 18. Kh1 fxe4 19. Bd2 Bf5 20. Bc3 Qe7 21. Qb3+ Qe6 22. Qxe6+ Nxe6 23. h3 h5 24. Rad1 Ng5 25. h4 Nf3 26. Bxf3 exf3 27. Bd4 Bc7 28. Kh2 Re8 29. a4 Re4 30. Bf6 Rxe3 31. Rf2 Re4 32. Rdd2 Bg4 33. Bg5 Bb6 34. Rf1 Re2+ 35. Rxe2 fxe2 36. Re1 Ba5 37. Rxe2 Bxe2 38. Be3 Bb6 39. Bf4 Kf7 40. Kg2 Bg4 41. Kf1 Ke6 0-1

[Event "Titled Tuesday intern op 29th Aug Early"]
[Site "Chess.com INT"]
[Date "2023.08.29"]
[Round "4"]
[White "Lach, Aleksandra"]
[Black "Garcia Ramos, Daniel"]
[Result "0-1"]
[WhiteElo "2184"]
[BlackElo "2468"]
[PlyCount "102"]
[EventDate "2023.08.29"]
[EventType "swiss (blitz)"]
[EventRounds "11"]
[EventCountry "USA"]
[SourceTitle "EXT 2024"]
[Source "ChessBase"]
[SourceDate "2023.10.10"]
[SourceVersion "1"]
[SourceVersionDate "2023.10.10"]
[SourceQuality "1"]

1. e4 c6 2. Bc4 d5 3. Bb3 dxe4 4. Qh5 g6 5. Qh4 Nf6 6. Nc3 Bg7 7. Nxe4 0-0 8. Nf3 Nxe4 9. Qxe4 Bf5 10. Qe3 e5 11. 0-0 Nd7 12. d3 a5 13. a4 h6 14. h3 g5 15. g4 Bg6 16. Kg2 b6 17. h4 Nc5 18. hxg5 hxg5 19. Bc4 e4 20. Nxg5 exd3 21. cxd3 Bxd3 22. Rd1 Be4+ 23. Nxe4 Qxd1 24. Ng3 Rae8 25. Qg5 Re5 26. Nf5 Rxf5 27. gxf5 Ne4 28. Qxg7+ Kxg7 29. Bh6+ Kxh6 30. Rxd1 Kg5 31. f3 Nc5 32. Rd6 Nxa4 33. b3 Nb2 34. Bf1 a4 35. bxa4 Nxa4 36. Rxc6 Rb8 37. Bb5 Nc5 38. Kg3 f6 39. Bc4 Kxf5 40. Bd5 Ke5 41. Ba2 f5 42. f4+ Kd4 43. Bb1 Ne4+ 44. Kg2 Ke3 45. Re6 Kxf4 46. Re7 b5 47. Bc2 b4 48. Kf1 b3 49. Bd3 b2 50. Ke2 b1Q 51. Bxb1 Rxb1 0-1

[Event "Titled Tuesday intern op 29th Aug Early"]
[Site "Chess.com INT"]
[Date "2023.08.29"]
[Round "3"]
[White "Lach, Aleksandra"]
[Black "Musat, Adrian"]
[Result "1-0"]
[WhiteElo "2184"]
[BlackElo "2378"]
[PlyCount "79"]
[EventDate "2023.08.29"]
[EventType "swiss (blitz)"]
[EventRounds "11"]
[EventCountry "USA"]
[SourceTitle "EXT 2024"]
[Source "ChessBase"]
[SourceDate "2023.10.10"]
[SourceVersion "1"]
[SourceVersionDate "2023.10.10"]
[SourceQuality "1"]

1. Nf3 Nf6 2. g3 g6 3. Bg2 Bg7 4. 0-0 0-0 5. c4 c6 6. Nc3 d5 7. cxd5 cxd5 8. d4 Ne4 9. Bf4 Nc6 10. e3 Nxc3 11. bxc3 b6 12. Qa4 Bd7 13. Qa3 Na5 14. Nd2 e6 15. Bd6 Re8 16. Bb4 Nc6 17. c4 dxc4 18. Nxc4 a5 19. Bd6 b5 20. Ne5 Rc8 21. Nxd7 Qxd7 22. Bc5 b4 23. Qa4 Ne5 24. Qxa5 Nd3 25. Bxb4 Rc2 26. Be4 Nxb4 27. Qxb4 Rc7 28. Rfc1 Bf8 29. Qd2 Rec8 30. Rxc7 Rxc7 31. a4 Ra7 32. a5 Qb5 33. Bd3 Qb7 34. a6 Qc7 35. Qa5 Qd6 36. Rb1 h5 37. Rb7 Ra8 38. Qc7 Qa3 39. Qxf7+ Kh8 40. Qh7# 1-0

[Event "Titled Tuesday intern op 15th Aug Early"]
[Site "Chess.com INT"]
[Date "2023.08.15"]
[Round "8"]
[White "Dehtiarov, Roman"]
[Black "Lach, Aleksandra"]
[Result "1-0"]
[WhiteElo "2308"]
[BlackElo "2184"]
[PlyCount "83"]
[EventDate "2023.08.15"]
[EventType "swiss (blitz)"]
[EventRounds "11"]
[EventCountry "USA"]
[SourceTitle "EXT 2024"]
[Source "ChessBase"]
[SourceDate "2023.10.10"]
[SourceVersion "1"]
[SourceVersionDate "2023.10.10"]
[SourceQuality "1"]

1. e4 c6 2. Nc3 g6 3. Nf3 Bg7 4. d4 d6 5. Bd3 Nf6 6. 0-0 0-0 7. h3 b5 8. a3 a5 9. Be3 Bb7 10. Qd2 Nbd7 11. Bh6 b4 12. axb4 axb4 13. Ne2 c5 14. Bxg7 Kxg7 15. e5 dxe5 16. dxe5 Nd5 17. e6 fxe6 18. Ng5 Rf6 19. Be4 Nf8 20. Rxa8 Qxa8 21. Rd1 h6 22. Nf3 Nb6 23. Bxb7 Qxb7 24. Qe3 Nc4 25. Qxc5 Nxb2 26. Rb1 Qe4 27. Ng3 Qf4 28. Ne5 Na4 29. Qxe7+ Kg8 30. Ng4 Rf7 31. Qxb4 Qxb4 32. Rxb4 Nc3 33. Nxh6+ Kg7 34. Nxf7 Kxf7 35. Rb7+ Kf6 36. Rc7 Nd5 37. Rc8 Nd7 38. c4 Nc3 39. c5 Ke7 40. c6 Nb6 41. Rb8 Nbd5 42. Rg8 1-0

[Event "Titled Tuesday intern op 15th Aug Early"]
[Site "Chess.com INT"]
[Date "2023.08.15"]
[Round "9"]
[White "Lach, Aleksandra"]
[Black "Deng, Henry"]
[Result "1-0"]
[WhiteElo "2184"]
[BlackElo "2308"]
[PlyCount "111"]
[EventDate "2023.08.15"]
[EventType "swiss (blitz)"]
[EventRounds "11"]
[EventCountry "USA"]
[SourceTitle "EXT 2024"]
[Source "ChessBase"]
[SourceDate "2023.10.10"]
[SourceVersion "1"]
[SourceVersionDate "2023.10.10"]
[SourceQuality "1"]

1. c4 c6 2. g3 d5 3. cxd5 cxd5 4. Bg2 Nf6 5. Nf3 Bg4 6. 0-0 e6 7. d4 Nc6 8. Nc3 Be7 9. Bf4 0-0 10. Ne5 Bf5 11. Nxc6 bxc6 12. Rc1 Nd7 13. Na4 Rc8 14. Be3 Qa5 15. a3 e5 16. b4 Qa6 17. dxe5 Nxe5 18. Bc5 Rfe8 19. Re1 Bf6 20. Bd4 Nd7 21. Bxf6 Nxf6 22. Rc3 Qb5 23. Nc5 a5 24. Qa4 axb4 25. axb4 Rxe2 26. Rxe2 Qxe2 27. Re3 Qc4 28. Bf1 Qc1 29. Qa6 h6 30. g4 Bxg4 31. h3 Bf5 32. Rf3 Qc2 33. Bd3 Qc1+ 34. Kg2 Bxh3+ 35. Rxh3 Re8 36. Rg3 Nh5 37. Qxc6 Qe1 38. Rf3 Qe5 39. Qd7 Qg5+ 40. Kh2 Rf8 41. Qh3 Nf4 42. Qg3 Qh5+ 43. Kg1 g5 44. Rxf4 Kh8 45. Rg4 f5 46. Bxf5 Rxf5 47. Qb8+ Kg7 48. Qc7+ Rf7 49. Ne6+ Kf6 50. Qd8+ Kxe6 51. Rg3 Qd1+ 52. Kg2 Rf4 53. Re3+ Kf5 54. Qd7+ Kg6 55. Qe8+ Kf5 56. Qe6# 1-0

[Event "Titled Tuesday intern op 15th Aug Early"]
[Site "Chess.com INT"]
[Date "2023.08.15"]
[Round "2"]
[White "Matinian, Nikita"]
[Black "Lach, Aleksandra"]
[Result "0-1"]
[WhiteElo "2421"]
[BlackElo "2184"]
[PlyCount "120"]
[EventDate "2023.08.15"]
[EventType "swiss (blitz)"]
[EventRounds "11"]
[EventCountry "USA"]
[SourceTitle "EXT 2024"]
[Source "ChessBase"]
[SourceDate "2023.10.10"]
[SourceVersion "1"]
[SourceVersionDate "2023.10.10"]
[SourceQuality "1"]

1. e4 c6 2. d4 d5 3. e5 Bf5 4. Nf3 e6 5. Be2 c5 6. Be3 Nc6 7. dxc5 Bxc5 8. Bxc5 Qa5+ 9. c3 Qxc5 10. Nbd2 Nge7 11. Nb3 Qb6 12. 0-0 0-0 13. Re1 a5 14. Qd2 Ng6 15. Bf1 Be4 16. Nfd4 Ncxe5 17. f4 Nc6 18. Qf2 a4 19. Nd2 Nxd4 20. cxd4 f5 21. Nb1 Rac8 22. Nc3 a3 23. Na4 Qb4 24. b3 Rc2 25. Qe3 Rfc8 26. Nc5 b6 27. Nxe4 dxe4 28. Bc4 Qd6 29. g3 Ne7 30. Red1 Nd5 31. Qe1 Kf7 32. Rd2 Rxd2 33. Qxd2 Qb4 34. Qf2 Qc3 35. Re1 e3 36. Qe2 Qxd4 37. Kg2 Qd2 38. Kf3 b5 39. Rd1 Qxe2+ 40. Bxe2 Nc3 41. Rd7+ Kf6 42. Ra7 Nxa2 43. Rxa3 Nb4 44. Bxb5 Rc3 45. Be2 Nc2 46. Ra4 e5 47. fxe5+ Kxe5 48. Rc4 Nd4+ 49. Rxd4 Kxd4 50. b4 Rb3 51. b5 g5 52. h4 h6 53. g4 f4 54. hxg5 hxg5 55. Bf1 Kc3 56. b6 Rxb6 57. Be2 Kd2 58. Bf1 Re6 59. Be2 Re5 60. Bf1 e2 0-1

[Event "Kavala op 32nd"]
[Site "Kavala"]
[Date "2023.07.31"]
[Round "5"]
[White "Ilamparthi, AR."]
[Black "Lach, Aleksandra"]
[Result "1-0"]
[WhiteElo "2384"]
[BlackElo "2184"]
[PlyCount "79"]
[EventDate "2023.07.28"]
[EventType "swiss"]
[EventRounds "9"]
[EventCountry "GRE"]
[SourceTitle "CBM 215 Extra"]
[Source "ChessBase"]
[SourceDate "2023.09.30"]
[SourceVersion "1"]
[SourceVersionDate "2023.09.30"]
[SourceQuality "1"]

1. e4 c5 2. Nf3 g6 3. d4 cxd4 4. Nxd4 Nc6 5. c4 Bg7 6. Be3 Qb6 7. Nb5 Qa5+ 8. N5c3 d6 9. Be2 Nf6 10. 0-0 0-0 11. Nd2 Nd7 12. Nb3 Qd8 13. Rc1 b6 14. f3 Nc5 15. Nd4 Nxd4 16. Bxd4 Bh6 17. Rb1 Bb7 18. Nd5 Bxd5 19. cxd5 e5 20. Bf2 f5 21. b4 Nd7 22. Bd3 Kh8 23. Rb2 Rc8 24. Rc2 fxe4 25. Bxe4 Rxc2 26. Qxc2 Nb8 27. h4 Qd7 28. Qd3 Qc7 29. g4 Bf4 30. Kg2 Qg7 31. a4 Nd7 32. a5 Rb8 33. axb6 axb6 34. g5 Qe7 35. Ra1 h6 36. Ra7 Qd8 37. Bxg6 Bxg5 38. Qf5 Nf8 39. hxg5 Nxg6 40. Qxg6 1-0

[Event "Titled Tuesday intern op 04th Jul Late"]
[Site "Chess.com INT"]
[Date "2023.07.04"]
[Round "6"]
[White "Lach, Aleksandra"]
[Black "Baches Garcia, Guillermo"]
[Result "0-1"]
[WhiteElo "2184"]
[BlackElo "2327"]
[PlyCount "118"]
[EventDate "2023.07.04"]
[EventType "swiss (blitz)"]
[EventRounds "11"]
[EventCountry "USA"]
[SourceTitle "EXT 2024"]
[Source "ChessBase"]
[SourceDate "2023.10.10"]
[SourceVersion "1"]
[SourceVersionDate "2023.10.10"]
[SourceQuality "1"]

1. Nf3 d5 2. g3 Nf6 3. Bg2 e6 4. d3 Bd6 5. 0-0 0-0 6. c4 dxc4 7. dxc4 e5 8. Nc3 c6 9. Qc2 h6 10. a3 a5 11. b3 Qe7 12. Bb2 Na6 13. e3 Bg4 14. h3 Bh5 15. Nh4 Nc5 16. Nf5 Qc7 17. Nxd6 Qxd6 18. b4 axb4 19. axb4 Nd3 20. c5 Qd7 21. Kh2 Bg6 22. Rad1 Rfd8 23. e4 Nxb4 24. Qb3 Nd3 25. Na4 Qe6 26. Rxd3 Rxd3 27. Qxd3 Rxa4 28. f3 Ra2 29. Rf2 Nd7 30. Qc3 Qe7 31. Rc2 Ra8 32. f4 f6 33. f5 Bf7 34. Bf1 Rd8 35. Qb4 Nf8 36. Bc4 Rd7 37. Bxf7+ Qxf7 38. Bc1 Qe8 39. Qc4+ Kh7 40. Rd2 Qd8 41. Qc3 Rxd2+ 42. Bxd2 Nd7 43. Be3 Nb8 44. Qb3 Qd7 45. Kg2 Na6 46. Kf3 Qe7 47. Qb6 Qd7 48. Qb3 Qd8 49. Qxb7 Qd1+ 50. Kf2 Qc2+ 51. Kf3 Nxc5 52. Qxc6 Qd1+ 53. Kg2 Nd3 54. Qd5 Qe2+ 55. Kh1 Qxe3 56. g4 Nf2+ 57. Kg1 Nxe4+ 58. Kg2 Qf2+ 59. Kh1 Ng3# 0-1

[Event "Titled Tuesday intern op 25th Apr Early"]
[Site "Chess.com INT"]
[Date "2023.04.25"]
[Round "8"]
[White "Bueno, Alfeu Varela Jr"]
[Black "Lach, Aleksandra"]
[Result "1-0"]
[WhiteElo "2135"]
[BlackElo "2184"]
[PlyCount "111"]
[EventDate "2023.04.25"]
[EventType "swiss (blitz)"]
[EventRounds "11"]
[EventCountry "USA"]
[SourceTitle "EXT 2024"]
[Source "ChessBase"]
[SourceDate "2023.10.10"]
[SourceVersion "1"]
[SourceVersionDate "2023.10.10"]
[SourceQuality "1"]

1. e4 c5 2. Nc3 a6 3. g3 b5 4. Bg2 Bb7 5. d3 e6 6. f4 Nf6 7. Qe2 Qc7 8. e5 Nd5 9. Nxd5 Bxd5 10. Bxd5 exd5 11. Nf3 Nc6 12. 0-0 Be7 13. f5 0-0-0 14. c3 f6 15. Bf4 Qa7 16. a4 b4 17. Kh1 Rhe8 18. Qc2 Kb7 19. Qb3 fxe5 20. Nxe5 Bf6 21. Nf7 Ka8 22. Nxd8 Rxd8 23. Qxd5 Qb7 24. Rab1 Na5 25. Qxb7+ Kxb7 26. Rfe1 Nc6 27. Bd6 Kb6 28. Re4 a5 29. Rc1 Nb8 30. cxb4 axb4 31. Bxc5+ Ka6 32. Rxb4 Nc6 33. Rb6+ Ka5 34. Ra1 d6 35. Rxc6 dxc5 36. Rxc5+ Ka6 37. Rd1 Bxb2 38. d4 Ba3 39. Rc4 Ka5 40. Kg2 Bb4 41. Rb1 Bd6 42. Rb5+ Ka6 43. Rc6+ Ka7 44. Rd5 Re8 45. Rcxd6 Re2+ 46. Kh3 Ra2 47. Rd7+ Kb6 48. Rxg7 Kc6 49. Re5 Kd6 50. Rxh7 Rxa4 51. Rh6+ Kd7 52. Rb5 Rxd4 53. Rb7+ Kc8 54. Ra7 Kb8 55. Rg7 Kc8 56. Rh8+ 1-0

[Event "Titled Tuesday intern op 18th Apr Early"]
[Site "Chess.com INT"]
[Date "2023.04.18"]
[Round "2"]
[White "Akinseye, Akinleye"]
[Black "Lach, Aleksandra"]
[Result "0-1"]
[WhiteElo "1797"]
[BlackElo "2184"]
[PlyCount "84"]
[EventDate "2023.04.18"]
[EventType "swiss (blitz)"]
[EventRounds "11"]
[EventCountry "USA"]
[SourceTitle "EXT 2024"]
[Source "ChessBase"]
[SourceDate "2023.10.10"]
[SourceVersion "1"]
[SourceVersionDate "2023.10.10"]
[SourceQuality "1"]

1. e4 c5 2. d4 cxd4 3. c3 dxc3 4. Nxc3 Nc6 5. Nf3 a6 6. Bc4 e6 7. 0-0 d6 8. Qe2 Nf6 9. Rd1 Qc7 10. Bg5 Be7 11. Rac1 0-0 12. Bb3 Qb8 13. Bf4 e5 14. Be3 Be6 15. Bb6 Bxb3 16. axb3 Bd8 17. Na4 Bc7 18. Nd2 Bxb6 19. Nxb6 Nd4 20. Qe3 Ra7 21. Nbc4 b5 22. Na3 Rc7 23. Nf3 Nxf3+ 24. Qxf3 Rfc8 25. Rxc7 Qxc7 26. Qe3 h6 27. f3 Qc6 28. h3 a5 29. Qd3 Qc5+ 30. Kh2 Qf2 31. Nxb5 Rc2 32. Rg1 Rd2 33. Qc3 g6 34. Na3 Nh5 35. Nc4 Rc2 36. Qd3 Qg3+ 37. Kh1 Rf2 38. Qxd6 Nf4 39. Nxe5 Rxg2 40. Qd8+ Kg7 41. Qf6+ Kxf6 42. Ng4+ Kg7 0-1

[Event "Titled Tuesday intern op 18th Apr Early"]
[Site "Chess.com INT"]
[Date "2023.04.18"]
[Round "8"]
[White "Lach, Aleksandra"]
[Black "Al Tarbosh, Ward"]
[Result "1-0"]
[WhiteElo "2184"]
[BlackElo "2290"]
[PlyCount "209"]
[EventDate "2023.04.18"]
[EventType "swiss (blitz)"]
[EventRounds "11"]
[EventCountry "USA"]
[SourceTitle "EXT 2024"]
[Source "ChessBase"]
[SourceDate "2023.10.10"]
[SourceVersion "1"]
[SourceVersionDate "2023.10.10"]
[SourceQuality "1"]

1. c4 Nf6 2. Nc3 c5 3. g3 Nc6 4. Bg2 e6 5. e3 Be7 6. Nge2 0-0 7. 0-0 d6 8. d4 cxd4 9. Nxd4 Bd7 10. Ndb5 Ne5 11. b3 d5 12. cxd5 exd5 13. Bb2 Bc6 14. Nd4 Qd7 15. h3 Rad8 16. f4 Ng6 17. Kh2 Ne4 18. Nxc6 Qxc6 19. Rc1 Qe6 20. Nb5 Nxg3 21. Kxg3 Qxe3+ 22. Qf3 Qb6 23. Nd4 Bf6 24. Rcd1 Nh4 25. Qf2 Rfe8 26. Kh2 a5 27. a4 Bxd4 28. Qxd4 Qxd4 29. Bxd4 Re2 30. Rf2 Rde8 31. Rd2 Rxd2 32. Rxd2 g6 33. Bf6 Nxg2 34. Kxg2 Re6 35. Be5 f6 36. Bd4 Re4 37. Kf3 Kf7 38. Rd3 Ke6 39. Bb6 g5 40. fxg5 fxg5 41. Bxa5 Rf4+ 42. Kg3 d4 43. Bd2 Re4 44. Bxg5 Kd5 45. Bf4 Re1 46. Kf2 Rb1 47. Bd2 Ke4 48. Rg3 Rb2 49. Ke2 h5 50. h4 b6 51. Rf3 Rb1 52. Rf4+ Kd5 53. Rf6 Rxb3 54. Rf5+ Ke4 55. Rxh5 Rh3 56. Rh6 Rh2+ 57. Kd1 Kd3 58. Be1 Ra2 59. Rc6 Rxa4 60. h5 Ra1+ 61. Rc1 Ra8 62. h6 Rh8 63. Rc6 b5 64. Bb4 Rg8 65. h7 Rg1+ 66. Be1 Rh1 67. Rc7 b4 68. Rb7 Ke3 69. Re7+ Kd3 70. Rb7 Ke3 71. Kc2 d3+ 72. Kb3 Ke2 73. Re7+ Kd1 74. Bxb4 Rh3 75. Rd7 Kc1 76. Rc7+ Kb1 77. Kc3 Kc1 78. Kd4+ Kd1 79. Rg7 d2 80. Rg1+ Kc2 81. Rg2 Rh4+ 82. Kc5 Rh5+ 83. Kc4 Rh4+ 84. Kb5 Rh5+ 85. Ka4 Rxh7 86. Rxd2+ Kc1 87. Kb3 Rh3+ 88. Bc3 Rh8 89. Rc2+ Kb1 90. Re2 Rb8+ 91. Bb4 Rc8 92. Re1+ Rc1 93. Re2 Rc8 94. Rd2 Rc7 95. Rh2 Rc8 96. Rg2 Rc7 97. Rg6 Rc8 98. Rd6 Rc7 99. Ba5 Rb7+ 100. Bb6 Kc1 101. Kc3 Rb8 102. Be3+ Kb1 103. Ra6 Rc8+ 104. Kd3 Rd8+ 105. Bd4 1-0